00450nam a2200157Ia 45000010006000000050017000060080041000230410008000640820019000721000057000912450106001482600009002543000013002636500008002766540008002842116720260306172859.0260306t2004||||xx |||||||||||||| ||spa|| aESP a344GbP42 T. 2 aPeña Cabrera Freyre, Alonso Raúl [1969-...]eAUT 0aDerecho penal peruano:bparte general: teoría de la pena y las consecuencias jurídicas del delito c2004 ac24 cm. aGEN aCDE